01277nam a22002057a 4500003000900000008004100009020001500050040007100065082001800136100002600154245003200180260008400212300002900296505061300325650002100938650003000959650001500989650002401004700004301028AR-CdUCM190306b ||||| |||| 00| 0 spa d a9506140537 aMUNICIPALIDAD PROVINCIAL DEL CUSCOcBIBLIOTECA MUNICIPAL DEL CUSCO a892.4 /bAG29 aAgnón, Samuel Iosef aHuésped para una noche /  aArgentina : bEdiciones Orbis S.A. :b[Talleres gráficos Didot S.A], c1983. a416 páginas ; c20 cm. aResumen: Esta novela es citada por el centro del libro National Yiddish como uno "de los trabajos más grandes de la literatura judía moderna" granizó como uno de los trabajos más significativos de Agnon, una huésped para la noche representa vida judía en Europa Oriental después de la Primera Guerra Mundial. Un hombre viaja de Israel a su ciudad natal en Europa, entristecida al hallazgo tan muchos amigos tomados por guerra, el pogrom, o la enfermedad. En este mundo de desaparición de valores tradicionales, él enfrenta la pérdida de fe y la confianza de una generación más joven.  aNarrativa hebrea aNovela judía - Siglo XX aS.J. Agnon aPremio Nobel - 1966 aFuente, Ana María de la (Traductora)